| 000 | 00888nam0a2200277 4500 | ||
|---|---|---|---|
| 001 | RU\NLR\bibl\470725 | ||
| 005 | 20250623190255.0 | ||
| 021 |
_aRU _b2003-57525 _92812 |
||
| 035 | _a(NLR Aleph) 000463919 | ||
| 090 |
_a951222 _c951222 |
||
| 100 | _a20031210d2003 |||y0rusy50 ca | ||
| 101 | 0 | _arus | |
| 102 | _aRU | ||
| 105 | _aa ||||||||| | ||
| 200 | 1 |
_aПрямая речь _fБорис Грызлов |
|
| 210 |
_aМ. _cБ.и. _d2003 |
||
| 215 |
_a31, [1] с. _cил., портр. _d21 |
||
| 601 | 0 | 2 |
_a"Единая Россия", всероссийская политическая партия _92312715 _3RU\NLR\auth\661384055 |
| 686 | _aФ69(2)274.44 | ||
| 700 | 1 |
_aГрызлов _bБ. _f1950- _gБорис Вячеславович _4070 |
|
| 801 | 0 |
_aRU _bNLR _c20031210 _gPSBO |
|
| 801 | 1 |
_aRU _bNLR _c20031210 |
|
| 942 | _cBOOK | ||
| 980 | _aNB | ||